All Spanish Clubs to participate in the UCL - Statistics

General Stats
  • This quiz has been taken 24 times
    18 since last reset
  • The average score is 12 of 15
Answer Stats
# of times participated Clubs % Correct
15 Atletico Madrid
100%
31 Barcelona
100%
30 Real Madrid
100%
3 Athletic Bilbao
94%
11 Sevilla
94%
12 Valencia
94%
5 Deportivo La Coruna
88%
1 Real Betis
88%
7 Villarreal
81%
1 Malaga
69%
3 Real Sociedad
69%
2 Mallorca
63%
1 Celta Vigo
50%
1 Girona
50%
1 Osasuna
44%
No matching quizzes found
Score Distribution
Percent of People with Each Score
Percentile by Number Answered
Your Score History
You have not taken this quiz since the last reset